| 000 | 01517nam a2200469 i 4500 | ||
|---|---|---|---|
| 001 | 53310 | ||
| 003 | KOSZ 005 | ||
| 005 | 20230112114250.0 | ||
| 008 | 070620s2007 pl a |000 0 pol | ||
| 015 | _aUWD 2007/18574 | ||
| 020 | _a9788372517142 | ||
| 035 | _a991034496669705066 | ||
| 035 | _a(PL-WaBN)b19224837-48omnis_nlop | ||
| 035 | _ab19224837 | ||
| 035 | _a(OCoLC)169755168 | ||
| 035 | _azz2007783936 | ||
| 035 | _a(PL)b0000001922483 | ||
| 035 | _a(EXLNZ-48OMNIS_NETWORK)9910019360405606 | ||
| 040 |
_aWA N _cWA N _dKOSZ 005/HR |
||
| 046 | _k2007 | ||
| 080 | _a336.02 | ||
| 080 | _a336.744 | ||
| 080 | _a(075.8) | ||
| 100 | 1 |
_aBukowski, Sławomir _d(1956- ) _eAutor |
|
| 245 | 1 | 0 |
_aUnia monetarna : _bteoria i polityka / _cSławomir I. Bukowski. |
| 260 |
_aWarszawa : _bCentrum Doradztwa i Informacji Difin, _c2007. |
||
| 300 |
_a221 s. : _bil. ; _c23 cm. |
||
| 336 |
_aTekst _btxt _2rdacontent |
||
| 337 |
_aBez urządzenia pośredniczącego _bn _2rdamedia |
||
| 338 |
_aWolumin _bnc _2rdacarrier |
||
| 380 | _aKsiążki | ||
| 388 | _a2001- | ||
| 504 | _aBibliogr. s. 191-217. | ||
| 650 | 7 |
_aPolityka pieniężna _2DBN |
|
| 650 | 7 |
_aUnia Gospodarcza i Walutowa (1991) _2DBN |
|
| 655 | 7 |
_aPodręczniki akademickie _2DBN |
|
| 658 | _aGospodarka, ekonomia, finanse | ||
| 710 | _aDifin | ||
| 856 |
_uhttp://koha.tu.koszalin.pl/cgi-bin/koha/opac-detail.pl?biblionumber=53310 _yKatalog online BPK |
||
| 942 |
_2UKD _cKS |
||
| 999 |
_c53310 _d53310 |
||